000 01321nam a2200337Ia 4500
001 ebr10738071
003 CaPaEBR
006 m o u
007 cr cn|||||||||
008 130410s2013 njua sb 001 0 eng d
010 _z 2013002843
020 _z9781118218358 (hardback)
020 _z9781118609873
040 _aCaPaEBR
_cCaPaEBR
035 _a(OCoLC)857067657
050 1 4 _aTP248.65.P62
_bB5457 2013eb
082 0 4 _a572
_223
245 0 0 _aBiopolymer nanocomposites
_h[electronic resource] :
_bprocessing, properties, and applications /
_cedited by Alain Dufresne, Sabu Thomas, Laly A. Pothan.
260 _aHoboken, NJ :
_bJohn Wiley and Sons, Inc.,
_cc2013.
300 _axii, 684 p. :
_bill.
504 _aIncludes bibliographical references and index.
533 _aElectronic reproduction.
_bPalo Alto, Calif. :
_cebrary,
_d2013.
_nAvailable via World Wide Web.
_nAccess may be limited to ebrary affiliated libraries.
650 0 _aBiopolymers.
650 0 _aNanocomposites (Materials)
655 7 _aElectronic books.
_2local
700 1 _aDufresne, Alain,
_d1962-
700 1 _aThomas, Sabu.
700 1 _aPothan, Laly A.
710 2 _aebrary, Inc.
856 4 0 _uhttp://site.ebrary.com/lib/rucke/Doc?id=10738071
_zAn electronic book accessible through the World Wide Web; click to view
999 _c36361
_d36361